| 000 | 01939nam2a2200301 4500 | ||
|---|---|---|---|
| 001 | RU\NLR\DIGIT\66681 | ||
| 005 | 20250613203208.0 | ||
| 035 | _a(NLR Aleph) 010123921 | ||
| 090 |
_a10009049 _c10009049 |
||
| 100 | _a20070416d1925 |||y0rusy50 ca | ||
| 101 | 0 | _arus | |
| 102 | _aRU | ||
| 135 | _acomo mmmapabr | ||
| 200 | 1 | _aКнига 12-я (декабрь) | |
| 210 |
_aО. Соловки _cТипо- лит. УСЛОН ОГПУ _d1925 |
||
| 215 | _a65 с. | ||
| 325 | _aКопия доступна в Электрон. б-ке РНБ http://vivaldi.nlr.ru/pm000000075/view | ||
| 461 | 0 |
_1001RU\NLR\INFOCOMM31\5000020675 _12001#$aСоловецкие острова$eЛитературно-бытовой, политико-общественный и экономический журнал$fОрган Управления Соловецкими Лагерями Особого Назначения ОГПУ$vКнига № 12 (декабрь) _1210##$aО. Соловки$d1925 _94495832 _cо. Соловки _d1924-1930 _nВоспитат.-труд. отд-ние ЧСЛОН _oПолит.-обществ. и воспитат. журн. : Орган Упр. Соловецкими лагерями особого назначения ОГПУ _tСоловецкие острова _vКнига № 12 (декабрь) |
|
| 610 | _aСоловки | ||
| 712 |
_aУправление Соловецкими Лагерями Особого Назначения ОГПУ _cСоловки |
||
| 801 | 2 |
_aRU _bNLR _c20070626 _2rusmarc |
|
| 852 |
_aNLR _jП23/2159 |
||
| 942 | _cISSUE | ||
| 980 | _aNB | ||
| 981 | 3 | 6 | _a(36) Цифровой репозиторий РНБ |
| 981 | 2 | 7 |
_a(27) Периодические издания _b(27) Журналы |
| 981 | 2 | 2 |
_a(22) Материалы по истории России _b(22) История России с 25 октября (7 ноября) 1917 года |